<?xml version="1.0" encoding="UTF-8"?>
<record
    xmlns:xsi="http://www.w3.org/2001/XMLSchema-instance"
    xsi:schemaLocation="http://www.loc.gov/MARC21/slim http://www.loc.gov/standards/marcxml/schema/MARC21slim.xsd"
    xmlns="http://www.loc.gov/MARC21/slim">

  <leader>01556nam2a22002531  4500</leader>
  <controlfield tag="001">rc\4727461</controlfield>
  <controlfield tag="005">20250612163611.0</controlfield>
  <datafield tag="035" ind1=" " ind2=" ">
    <subfield code="a">(NLR Aleph) 008731709</subfield>
  </datafield>
  <datafield tag="090" ind1=" " ind2=" ">
    <subfield code="a">9480570</subfield>
    <subfield code="c">9480570</subfield>
  </datafield>
  <datafield tag="100" ind1=" " ind2=" ">
    <subfield code="a">20130416d1963    |||y0rusy50      ca</subfield>
  </datafield>
  <datafield tag="101" ind1="1" ind2=" ">
    <subfield code="a">rus</subfield>
    <subfield code="c">eng</subfield>
  </datafield>
  <datafield tag="102" ind1=" " ind2=" ">
    <subfield code="a">RU</subfield>
  </datafield>
  <datafield tag="105" ind1=" " ind2=" ">
    <subfield code="a">y   z   |||||</subfield>
  </datafield>
  <datafield tag="200" ind1="1" ind2=" ">
    <subfield code="a">&#x412;&#x43E;&#x437;&#x43D;&#x438;&#x43A;&#x43D;&#x43E;&#x432;&#x435;&#x43D;&#x438;&#x435; &#x43A;&#x440;&#x438;&#x442;&#x438;&#x447;&#x435;&#x441;&#x43A;&#x43E;&#x433;&#x43E; &#x440;&#x435;&#x430;&#x43B;&#x438;&#x437;&#x43C;&#x430; &#x432; &#x410;&#x43C;&#x435;&#x440;&#x438;&#x43A;&#x435;. (1860-1920)</subfield>
    <subfield code="f">[&#x412;&#x441;&#x442;&#x443;&#x43F;. &#x441;&#x442;&#x430;&#x442;&#x44C;&#x44F; &#x42D;.&#x425;. &#x42D;&#x439;&#x431;&#x438;</subfield>
    <subfield code="g">&#x41A;&#x43E;&#x43C;&#x43C;&#x435;&#x43D;&#x442;. &#x410;. &#x41C;&#x443;&#x43B;&#x44F;&#x440;&#x447;&#x438;&#x43A;&#x430;]</subfield>
  </datafield>
  <datafield tag="210" ind1=" " ind2=" ">
    <subfield code="d">1963</subfield>
    <subfield code="a">&#x411;. &#x43C;.</subfield>
  </datafield>
  <datafield tag="215" ind1=" " ind2=" ">
    <subfield code="a">603 &#x441;.</subfield>
  </datafield>
  <datafield tag="461" ind1=" " ind2="0">
    <subfield code="1">001rc\4727458</subfield>
    <subfield code="1">2001#$a&#x41E;&#x441;&#x43D;&#x43E;&#x432;&#x43D;&#x44B;&#x435; &#x442;&#x435;&#x447;&#x435;&#x43D;&#x438;&#x44F; &#x430;&#x43C;&#x435;&#x440;&#x438;&#x43A;&#x430;&#x43D;&#x441;&#x43A;&#x43E;&#x439; &#x43C;&#x44B;&#x441;&#x43B;&#x438;$e&#x410;&#x43C;&#x435;&#x440;. &#x43B;&#x438;&#x442;&#x435;&#x440;&#x430;&#x442;&#x443;&#x440;&#x430; &#x441;&#x43E; &#x432;&#x440;&#x435;&#x43C;&#x435;&#x43D;&#x438; &#x435;&#x435; &#x432;&#x43E;&#x437;&#x43D;&#x438;&#x43A;&#x43D;&#x43E;&#x432;&#x435;&#x43D;&#x438;&#x44F; &#x434;&#x43E; 1920 &#x433;.$e&#x412; 3 &#x442;.$e&#x41F;&#x435;&#x440;. &#x441; &#x430;&#x43D;&#x433;&#x43B;.$f[&#x420;&#x435;&#x434;. &#x438; &#x43A;&#x43E;&#x43C;&#x43C;&#x435;&#x43D;&#x442;. &#x412;. &#x41C;&#x430;&#x43B;&#x438;&#x43A;&#x43E;&#x432;&#x430;$g&#x412;&#x441;&#x442;&#x443;&#x43F;. &#x441;&#x442;&#x430;&#x442;&#x44C;&#x44F; &#x420;. &#x421;&#x430;&#x43C;&#x430;&#x440;&#x438;&#x43D;&#x430;, &#x441;. 5-30]. &#x422;. 1-3$v&#x422;. 3</subfield>
    <subfield code="1">700#1$a&#x41F;&#x430;&#x440;&#x440;&#x438;&#x43D;&#x433;&#x442;&#x43E;&#x43D;$b&#x412;.&#x41B;.$f1871-1929$g&#x412;&#x435;&#x440;&#x43D;&#x43E;&#x43D; &#x41B;&#x443;&#x438;&#x441;</subfield>
    <subfield code="9">9480554</subfield>
    <subfield code="a">&#x41F;&#x430;&#x440;&#x440;&#x438;&#x43D;&#x433;&#x442;&#x43E;&#x43D;, &#x412;.&#x41B;. (1871-1929)</subfield>
    <subfield code="c">&#x41C;&#x43E;&#x441;&#x43A;&#x432;&#x430;</subfield>
    <subfield code="d">1962-1963</subfield>
    <subfield code="f">[&#x420;&#x435;&#x434;. &#x438; &#x43A;&#x43E;&#x43C;&#x43C;&#x435;&#x43D;&#x442;. &#x412;. &#x41C;&#x430;&#x43B;&#x438;&#x43A;&#x43E;&#x432;&#x430;</subfield>
    <subfield code="n">&#x418;&#x437;&#x434;-&#x432;&#x43E; &#x438;&#x43D;&#x43E;&#x441;&#x442;&#x440;. &#x43B;&#x438;&#x442;.</subfield>
    <subfield code="o">&#x410;&#x43C;&#x435;&#x440;. &#x43B;&#x438;&#x442;&#x435;&#x440;&#x430;&#x442;&#x443;&#x440;&#x430; &#x441;&#x43E; &#x432;&#x440;&#x435;&#x43C;&#x435;&#x43D;&#x438; &#x435;&#x435; &#x432;&#x43E;&#x437;&#x43D;&#x438;&#x43A;&#x43D;&#x43E;&#x432;&#x435;&#x43D;&#x438;&#x44F; &#x434;&#x43E; 1920 &#x433;. : &#x412; 3 &#x442;. : &#x41F;&#x435;&#x440;. &#x441; &#x430;&#x43D;&#x433;&#x43B;.</subfield>
    <subfield code="p">3 &#x442;.</subfield>
    <subfield code="t">&#x41E;&#x441;&#x43D;&#x43E;&#x432;&#x43D;&#x44B;&#x435; &#x442;&#x435;&#x447;&#x435;&#x43D;&#x438;&#x44F; &#x430;&#x43C;&#x435;&#x440;&#x438;&#x43A;&#x430;&#x43D;&#x441;&#x43A;&#x43E;&#x439; &#x43C;&#x44B;&#x441;&#x43B;&#x438;</subfield>
    <subfield code="v">&#x422;. 3</subfield>
  </datafield>
  <datafield tag="702" ind1=" " ind2="1">
    <subfield code="a">&#x41C;&#x443;&#x43B;&#x44F;&#x440;&#x447;&#x438;&#x43A;</subfield>
    <subfield code="b">&#x410;.</subfield>
    <subfield code="4">212</subfield>
  </datafield>
  <datafield tag="702" ind1=" " ind2="1">
    <subfield code="a">&#x42D;&#x439;&#x431;&#x438;</subfield>
    <subfield code="b">&#x42D;.&#x425;.</subfield>
    <subfield code="4">080</subfield>
  </datafield>
  <datafield tag="801" ind1=" " ind2="0">
    <subfield code="a">RU</subfield>
    <subfield code="b">NLR</subfield>
    <subfield code="g">psbo</subfield>
  </datafield>
  <datafield tag="801" ind1=" " ind2="1">
    <subfield code="a">RU</subfield>
    <subfield code="b">ELAR</subfield>
    <subfield code="2">rusmarc</subfield>
  </datafield>
  <datafield tag="852" ind1=" " ind2=" ">
    <subfield code="a">NLR</subfield>
    <subfield code="j">62-5/2377</subfield>
  </datafield>
  <datafield tag="942" ind1=" " ind2=" ">
    <subfield code="c">BOOK</subfield>
  </datafield>
  <datafield tag="980" ind1=" " ind2=" ">
    <subfield code="a">NB</subfield>
  </datafield>
  <datafield tag="995" ind1=" " ind2=" ">
    <subfield code="5">2013-10-26</subfield>
    <subfield code="b">NLR01</subfield>
    <subfield code="c">NLR01</subfield>
    <subfield code="e">RF31</subfield>
    <subfield code="f">1-2036222</subfield>
    <subfield code="k">62-5/2377</subfield>
    <subfield code="o">0</subfield>
    <subfield code="r">BOOK</subfield>
    <subfield code="s">6252377_</subfield>
  </datafield>
  <datafield tag="995" ind1=" " ind2=" ">
    <subfield code="5">2018-05-10</subfield>
    <subfield code="b">NLR01</subfield>
    <subfield code="c">NLR01</subfield>
    <subfield code="e">RF31</subfield>
    <subfield code="f">1-2197610</subfield>
    <subfield code="k">62-5/2377</subfield>
    <subfield code="o">0</subfield>
    <subfield code="r">BOOK</subfield>
    <subfield code="s">6252377_</subfield>
  </datafield>
  <datafield tag="995" ind1=" " ind2=" ">
    <subfield code="5">2018-05-11</subfield>
    <subfield code="b">NLR02</subfield>
    <subfield code="c">NLR02</subfield>
    <subfield code="e">NZ2</subfield>
    <subfield code="f">1-334145</subfield>
    <subfield code="k">&#x41D;&#x437; &#x428;5(7&#x421;&#x428;&#x410;)/&#x41F;-185</subfield>
    <subfield code="o">0</subfield>
    <subfield code="r">BOOK</subfield>
    <subfield code="s">_57185</subfield>
    <subfield code="v">1963, 19</subfield>
  </datafield>
</record>
